İnsan ve dünyası nedir sorusuna yanıt (Record no. 1603)

MARC details
000 -BAŞLIK
Sabit Uzunlukta Kontrol Alanı 00735na a2200241 4500
001 - KONTROL NUMARASI
Denetim Alanı 12586
003 - KONTROL NUMARASI IDENTIFIER
Denetim Alanı MIRAKIL
005 - SON İŞLEM TARİHİ VE ZAMANI
Denetim Alanı 20181213154829.0
008 - SABİT-BOY VERİ ELEMANLARI - GENEL BİLGİLER
Sabit Uzunlukta Kontrol Alanı 160821b tu 000 0
035 ## - SİSTEM KONTROL NUMARASI
Sistem Kontrol Numarası 12586
040 ## - KATALOGLAMA KAYNAK
Orijinal Kataloglama Ajansı Milas
Kataloglama Dili tur
Metne Dönüştürmek Ajansı TR-AnCHP
082 ## - DEWEY ONLU SINIFLANDIRMA NUMARASI
Sınıflandırma Numarası 128
Ürün Numarası Y28i 2000
090 ## - SINIFLAMA NUMARASI
Sınıflama Numarası 128 Y28i 2000
100 ## - ANA GİRİŞ - KİŞİSEL İSİM
Kişisel Ad Yavuzcan, Mehmet Güngör
245 ## - BAŞLIK TABLOSU
Başlık İnsan ve dünyası nedir sorusuna yanıt
Başlığın Kalan İnsanı yönlendiren evrensel doğrular
Sorumluluk Tablosu, Vb Mehmet Güngör Yavuzcan
246 ## - UNVAN FORM VARYING
Başlık Doğru / Kısa Başlığı İnsanı yönlendiren evrensel doğrular
260 ## - YAYIN, DAĞITIM, VB
Yayın, Dağıtım, Vb Yeri Ankara
Yayıncı, Dağıtıcı, Vs Adı [yayl.y.]
Yayın, Dağıtım, Vb Tarihi 2000
300 ## - FİZİKSEL TANIM
Kapsam 125 s.
Boyutlar 24 sm.
650 ## - KONU KATMA GİRİŞ - TOPİKAL DÖNEM
Topikal Süreli Veya Coğrafi Ad Giriş Elemanı Yaşam felsefesi
650 ## - KONU KATMA GİRİŞ - TOPİKAL DÖNEM
Topikal Süreli Veya Coğrafi Ad Giriş Elemanı Özgerçekleştirim (Psikoloji)
650 ## - KONU KATMA GİRİŞ - TOPİKAL DÖNEM
Topikal Süreli Veya Coğrafi Ad Giriş Elemanı Yaşam biçimi
Genel Alt Bölümü Felsefe
942 ## - EKLENDİ GİRİŞ ELEMANLARI (KOHA)
Sınıflandırma Veya Raf Düzeni Kaynak Dewey Decimal Classification
Koha Öğesi Türü Books
999 ## - SİSTEM KONTROL NUMARALARI (KOHA)
Koha Biblionumber 1603
Koha Biblioitemnumber 1603
Holdings
Kalıcı Konum Mevcut Konum Edinme Tarihi Edinim Kaynak Toplam Check-Out'Lar Tam Çağrı Numarası Barkod Tarih Son Görülme İtibaren Geçerli Fiyatlar Koha Öğesi Türü
CHP Kütüphanesi CHP Kütüphanesi 07/26/2016 Bağış   128 Y28i 2000 000125 07/26/2016 07/26/2016 Books